[Event "Poznan op 21th"]
[Site "Poznan"]
[Date "2011.08.06"]
[Round "1"]
[White "Wittig, Zenon"]
[Black "Magnucka, Milena"]
[Result "0-1"]
[WhiteElo "1631"]
[BlackElo "2074"]
[PlyCount "78"]
[EventDate "2011.08.06"]
[EventType "swiss"]
[EventRounds "9"]
[EventCountry "POL"]
[SourceTitle "CBM 143 Extra"]
[Source "ChessBase"]
[SourceDate "2011.08.29"]
[SourceVersion "1"]
[SourceVersionDate "2011.08.29"]
[SourceQuality "1"]

1. e4 c5 2. Nf3 d6 3. d4 cxd4 4. Nxd4 Nf6 5. Nc3 a6 6. Bd3 e5 7. Nb3 Be6 8. 0-0 Be7 9. Kh1 0-0 10. f4 exf4 11. Bxf4 Nc6 12. h3 Nd7 13. Nd5 Bxd5 14. exd5 Nce5 15. Bf5 Re8 16. Nd2 Bf8 17. Nf3 Nxf3 18. Qxf3 Ne5 19. Bxe5 Rxe5 20. Rae1 Rxe1 21. Rxe1 Qa5 22. Rf1 Qc7 23. b3 g6 24. Bd3 Re8 25. a4 Bh6 26. h4 Re3 27. Qf6 Bg7 28. Qf4 Qe7 29. h5 Re5 30. hxg6 hxg6 31. g3 Rxd5 32. Kg2 Re5 33. g4 d5 34. Rh1 Re3 35. Rh3 Re1 36. Qb8+ Bf8 37. Qh2 Re2+ 38. Bxe2 Qxe2+ 39. Kh1 Qf1+ 0-1

[Event "POL-chT 1st League"]
[Site "Katowice"]
[Date "2010.09.12"]
[Round "9"]
[White "Cherednichenko, Svetlana"]
[Black "Magnucka, Milena"]
[Result "1/2-1/2"]
[WhiteElo "2285"]
[BlackElo "2061"]
[PlyCount "82"]
[EventDate "2010.09.04"]
[EventType "team-tourn"]
[EventRounds "9"]
[EventCountry "POL"]
[SourceTitle "EXT 2019"]
[Source "ChessBase"]
[SourceDate "2018.10.10"]
[SourceVersion "1"]
[SourceVersionDate "2018.10.10"]
[SourceQuality "1"]
[WhiteTeam "Raciborz Silesia"]
[BlackTeam "Ostrow Wielkopolski"]
[WhiteTeamCountry "POL"]
[BlackTeamCountry "POL"]

1. d4 Nf6 2. c4 g6 3. Nc3 Bg7 4. e4 d6 5. Nf3 0-0 6. Be2 e5 7. 0-0 Nc6 8. d5 Ne7 9. Ne1 Nd7 10. Nd3 f5 11. Bd2 f4 12. Bg4 Nf6 13. Bxc8 Rxc8 14. f3 g5 15. c5 h5 16. Qb3 Rb8 17. Rac1 a6 18. a4 g4 19. a5 gxf3 20. gxf3 Qd7 21. cxd6 cxd6 22. Qb6 Ng6 23. Be1 Ne8 24. Rc2 Bf6 25. Rg2 Kh7 26. Kh1 Rg8 27. b4 Qh3 28. Qf2 Bh4 29. Qe2 Bxe1 30. Nxe1 Nf6 31. Rfg1 Nh4 32. Rxg8 Rxg8 33. Rxg8 Kxg8 34. Nd1 Kf7 35. Nf2 Qd7 36. Qf1 Ne8 37. Qh3 Qxh3 38. Nxh3 Nc7 39. Kg1 Kf6 40. Nf2 Nb5 41. Nfd3 Nd4 1/2-1/2

[Event "POL-chT 1st League"]
[Site "Katowice"]
[Date "2010.09.10"]
[Round "7"]
[White "Zajkowska, Olga"]
[Black "Magnucka, Milena"]
[Result "1/2-1/2"]
[WhiteElo "1819"]
[BlackElo "2061"]
[PlyCount "67"]
[EventDate "2010.09.04"]
[EventType "team-tourn"]
[EventRounds "9"]
[EventCountry "POL"]
[SourceTitle "EXT 2019"]
[Source "ChessBase"]
[SourceDate "2018.10.10"]
[SourceVersion "1"]
[SourceVersionDate "2018.10.10"]
[SourceQuality "1"]
[WhiteTeam "Warszawa YMCA"]
[BlackTeam "Ostrow Wielkopolski"]
[WhiteTeamCountry "POL"]
[BlackTeamCountry "POL"]

1. d4 Nf6 2. c4 g6 3. Nc3 Bg7 4. e4 d6 5. f3 0-0 6. Bg5 c5 7. d5 e6 8. Nge2 h6 9. Be3 exd5 10. cxd5 Bd7 11. Ng3 Na6 12. Bd3 Rc8 13. Qd2 c4 14. Bc2 h5 15. Nge2 Nc5 16. Nd4 a6 17. a4 b6 18. Bh6 Qe8 19. Bxg7 Kxg7 20. 0-0 b5 21. axb5 axb5 22. b4 cxb3 23. Nxb3 Qe5 24. Nd4 Rb8 25. Rab1 Qe8 26. Bd3 b4 27. Nce2 Qd8 28. Bc4 Qb6 29. Kh1 Rfc8 30. Rfc1 Ba4 31. Qb2 Bd7 32. Qd2 Ba4 33. Qb2 Bd7 34. Qd2 1/2-1/2